Städte mit dem selben Buchstaben wie ihr Bundesland - Statistiken

Allgemein
  • Dieses Quiz wurde 122 mal gespielt
  • Das Durchschnittsergebnis liegt bei 18 aus 51
Antwortstatistiken
% Korrekt
Berlin Berlin
96%
Bremen Bremen
93%
Bremen Bremerhaven
91%
Hamburg Hamburg
90%
Saarland Saarbrücken
87%
Baden-Württemberg Baden-Baden
78%
Brandenburg Brandenburg an der Havel
77%
Bayern Bamberg
76%
Bayern Bayreuth
74%
Saarland Saarlouis
72%
Nordrhein-Westfalen Neuss
70%
Baden-Württemberg Böblingen
57%
Hessen Hanau
56%
Schleswig-Holstein Schleswig
48%
Niedersachsen Nienburg/Weser
44%
Sachsen-Anhalt Stendal
37%
Baden-Württemberg Biberach an der Riß
35%
Niedersachsen Norden
35%
Niedersachsen Nordhorn
35%
Saarland St. Wendel
33%
Niedersachsen Neustadt am Rübenberge
32%
Baden-Württemberg Balingen
31%
Saarland St. Ingbert
31%
Baden-Württemberg Bruchsal
29%
Brandenburg Bernau bei Berlin
28%
Baden-Württemberg Bietigheim-Bissingen
28%
Niedersachsen Northeim
25%
Hessen Heppenheim (Bergstraße)
23%
Sachsen-Anhalt Salzwedel
23%
Baden-Württemberg Backnang
21%
Bayern Bad Kissingen
20%
Niedersachsen Nordenham
18%
Nordrhein-Westfalen Nettetal
17%
Sachsen-Anhalt Sangerhausen
17%
Baden-Württemberg Bad Mergentheim
15%
Sachsen-Anhalt Staßfurt
15%
Hessen Hofheim am Taunus
14%
Nordrhein-Westfalen Neunkirchen-Seelscheid
14%
Baden-Württemberg Bretten
13%
Nordrhein-Westfalen Neukirchen-Vluyn
13%
Sachsen-Anhalt Schönebeck
11%
Baden-Württemberg Bühl
10%
Hessen Hattersheim am Main
10%
Nordrhein-Westfalen Niederkassel
10%
Hessen Herborn
9%
Nordrhein-Westfalen Netphen
8%
Baden-Württemberg Bad Krozingen
7%
Baden-Württemberg Bad Waldsee
7%
Baden-Württemberg Bad Rappenau
5%
Brandenburg Blankenfelde-Mahlow
5%
Niedersachsen Neu Wulmstorf
4%
Keine übereinstimmenden Quizze gefunden
Verteilung der Resultate
Anzahl Personen mit jedem Resultat
Perzentil nach korrekt beantworteten Fragen
Ihre Resultats-Entwicklung
Sie haben dieses Quiz noch nicht gespielt